000 00624nam a22002297a 4500
003 UA-OsUOA
001 92154
007 ta
008 20121211b un ||||| |||| 00| 0 ukr d
100 _aЯновська Л.
090 _a821.161.2
_bЯ64
942 _cBK
040 _aUA-OsUOA
_bukr
_cUA-OsUOA
_dUA-OsUOA
245 _aТвори в двох томах
_b2
_cТвори
300 _a517 с.
955 _a3
041 _aukr
080 _a821.161.2
260 _aК.
_bХудожня література
_c1959
650 7 _a82 Література. Літературознавство
_2UDC
999 _c378389
_d378389